| 000 | 00814nam a2200217 a 4500 | ||
|---|---|---|---|
| 003 | 0 | ||
| 005 | 20250508110001.0 | ||
| 008 | 021114s19uu xx 00 eng d | ||
| 050 |
_aPGS HD 8039.A37 _b.M643 2002 |
||
| 100 | _aMilevoi, Jason Peter. | ||
| 245 |
_aStatus of commercial and military pilots / _cJason Peter Milevoi. |
||
| 260 |
_aLas PiƱas City, Philippines : _bSouthville International School and Colleges, _c2002. |
||
| 300 |
_a26 pages : _billustrations ; _c28 cm. |
||
| 504 | _aIncludes bibliographical references. | ||
| 650 |
_aAir pilots _vEmployment. |
||
| 650 |
_aMilitary air pilots _vPersonnel management. |
||
| 650 |
_aMilitary air pilots _vManpower. |
||
| 650 |
_aOccupational supply and demand _vAviation. |
||
| 650 |
_aMilitary aviation _vRecruitment and retention. |
||
| 942 |
_2lcc _cPASS |
||
| 999 |
_c96640 _d96640 |
||